Teenage Mutant Ninja Turtles Theme Song Lyrics - Original Version - Statistics

General Stats
  • This quiz has been taken 446 times
    425 since last reset
  • The average score is 29 of 49
Answer Stats
Lyrics % Correct
Turtle
96%
Teenage
95%
Mutant
94%
Ninja
94%
Turtles
92%
A
88%
In
83%
Power
79%
Leonardo
76%
Raphael
74%
The
74%
Donatello
73%
Half-shell
72%
Michaelangelo
72%
Heroes
70%
Splinter
67%
Is
61%
Dude
59%
Party
59%
Shredder
59%
And
54%
Cool
54%
Fighting
53%
Team
53%
But
52%
Evil
52%
Machines
50%
They're
50%
Attacks
49%
Green
49%
Leads
49%
When
49%
Does
48%
Most
48%
Them
47%
To
47%
No
46%
World's
46%
Fearsome
45%
Slack
45%
Be
44%
Boys
44%
Don't
44%
Taught
44%
These
42%
Cut
41%
Teens
37%
Crude
36%
Him
36%
No matching quizzes found
Score Distribution
Percent of People with Each Score
Percentile by Number Answered
Your Score History
You have not taken this quiz since the last reset